000 01161nam a22002177a 4500
005 20250903130757.0
006 a|||||r|||||||||||
008 250903b |||||||| |||| 00| 0 eng |
020 _a9783836557191
040 _aGR-AtMCL
_beng
245 0 0 _aFashion history :
_bfrom the 18th to the 20th century : the collection of the Kyoto Costume Institute.
246 1 0 _aCollection of the Kyoto Costume Institute
264 1 _aKöln :
_bTASCHEN Bibliotheca Universalis,
_c2022
300 _a645 p. :
_bcolor illustrations ;
_c20 cm.
504 _aIncludes bibliographical references and index.
505 0 _aForeword / Akiko Fukai -- The shift from Rococo to revolution: fashion in the 18th century / Tamami Suoh -- The upswing of industrialization: fashion in the 19th century / Miki Iwagami -- The influence of haute couture: fashion in the first half of the 20th century / Reiko Koga -- The age of technological innovation: fashion in the second half of the 20th century / Rie Nii -- Appendix : Designers and fashion houses -- Glossary
650 0 _aFashion
_99926
650 0 _aCostume
_vExhibitions
_xHistory
_910084
942 _cBK
999 _c9922
_d9922